000 00779nmc a2200289 a 4500
003 AR-BaBNM
005 20251128211453.0
008 144020s1990 ||||||||||||||000 | spa||
020 _a950-724-087-X
040 _cAR-BaBNM
100 1 _aLeigh, Susannah
245 1 0 _aLa torre embrujada
260 _aBuenos Aires
_bLumen
_c1990
300 _a48 p.
490 0 _aColección Puzzles-Lumen-Aventuras
650 4 _aCUENTOS DE AVENTURAS
650 4 _aLITERATURA INFANTIL
650 4 _aACTIVIDADES DE APRENDIZAJE
653 _aLITERATURA JUVENIL
655 _aLITERATURA
700 1 _aHaw, Brenda
_eilustrador
700 1 _aNahum, Ana Sara
_etraductor
700 1 _aBlundell, Kim
_ediseño
700 1 _aRobertson, Brian
_ediseño
942 _cBK
998 _cmartin
999 _c19787
_d19787